<?xml version="1.0" encoding="UTF-8"?><?xml-stylesheet type="text/xsl" href="static/style.xsl"?><OAI-PMH xmlns="http://www.openarchives.org/OAI/2.0/" xmlns:xsi="http://www.w3.org/2001/XMLSchema-instance" xsi:schemaLocation="http://www.openarchives.org/OAI/2.0/ http://www.openarchives.org/OAI/2.0/OAI-PMH.xsd"><responseDate>2026-04-14T02:14:01Z</responseDate><request verb="GetRecord" identifier="oai:www.recercat.cat:10256/18147" metadataPrefix="marc">https://recercat.cat/oai/request</request><GetRecord><record><header><identifier>oai:recercat.cat:10256/18147</identifier><datestamp>2024-05-21T10:37:25Z</datestamp><setSpec>com_2072_452955</setSpec><setSpec>com_2072_2054</setSpec><setSpec>col_2072_452960</setSpec></header><metadata><record xmlns="http://www.loc.gov/MARC21/slim" xmlns:dcterms="http://purl.org/dc/terms/" xmlns:xsi="http://www.w3.org/2001/XMLSchema-instance" xmlns:doc="http://www.lyncode.com/xoai" xsi:schemaLocation="http://www.loc.gov/MARC21/slim http://www.loc.gov/standards/marcxml/schema/MARC21slim.xsd">
   <leader>00925njm 22002777a 4500</leader>
   <datafield ind2=" " ind1=" " tag="042">
      <subfield code="a">dc</subfield>
   </datafield>
   <datafield ind2=" " ind1=" " tag="720">
      <subfield code="a">Gómez Marcos, Manuel A.</subfield>
      <subfield code="e">author</subfield>
   </datafield>
   <datafield ind2=" " ind1=" " tag="720">
      <subfield code="a">Gómez Sánchez, Leticia</subfield>
      <subfield code="e">author</subfield>
   </datafield>
   <datafield ind2=" " ind1=" " tag="720">
      <subfield code="a">Patino Alonso, Maria Carmen</subfield>
      <subfield code="e">author</subfield>
   </datafield>
   <datafield ind2=" " ind1=" " tag="720">
      <subfield code="a">Recio Rodriguez, Jose I.</subfield>
      <subfield code="e">author</subfield>
   </datafield>
   <datafield ind2=" " ind1=" " tag="720">
      <subfield code="a">Gómez Sánchez, Marta</subfield>
      <subfield code="e">author</subfield>
   </datafield>
   <datafield ind2=" " ind1=" " tag="720">
      <subfield code="a">Rigo, Fernando</subfield>
      <subfield code="e">author</subfield>
   </datafield>
   <datafield ind2=" " ind1=" " tag="720">
      <subfield code="a">Martí Lluch, Ruth</subfield>
      <subfield code="e">author</subfield>
   </datafield>
   <datafield ind2=" " ind1=" " tag="720">
      <subfield code="a">Agudo Conde, Cristina</subfield>
      <subfield code="e">author</subfield>
   </datafield>
   <datafield ind2=" " ind1=" " tag="720">
      <subfield code="a">Maderuelo Fernández, José A.</subfield>
      <subfield code="e">author</subfield>
   </datafield>
   <datafield ind2=" " ind1=" " tag="720">
      <subfield code="a">Ramos Blanes, Rafel</subfield>
      <subfield code="e">author</subfield>
   </datafield>
   <datafield ind2=" " ind1=" " tag="720">
      <subfield code="a">García Ortiz, Luís</subfield>
      <subfield code="e">author</subfield>
   </datafield>
   <datafield ind2=" " ind1=" " tag="720">
      <subfield code="a">Rodríguez Sánchez, Emiliano</subfield>
      <subfield code="e">author</subfield>
   </datafield>
   <datafield ind2=" " ind1=" " tag="260">
      <subfield code="c">2019-01-25</subfield>
   </datafield>
   <datafield ind2=" " ind1=" " tag="520">
      <subfield code="a">Background&#xd;
Obesity increases mortality, and is linked to cardiovascular diseases and metabolic syndrome (MetS). Therefore, the purpose of this study was to analyze the ability of different adiposity indices to identify subjects with MetS among people with intermediate cariovascular&#xd;
risk.&#xd;
Materials and methods&#xd;
The cross-sectional study involved 2478 subjects, recruited by the MARK study. Adiposity&#xd;
measures: general adiposity by body mass index (BMI), central adiposity by waist-to-height&#xd;
ratio (WHtR), fat mass percent by the Clı´nica Universidad de Navarra—body adiposity estimator (CUN-BAE), percentage of body fat and of visceral adipose tissue by body roundness&#xd;
index (BRI) and visceral obesity and general adiposity with body shape index (ABSI). The&#xd;
diagnosis of MetS was made in accordance with the criteria established in the international&#xd;
consensus of the Joint Scientific Statement National Cholesterol Education Program III.&#xd;
Results&#xd;
The highest correlation coefficients were obtained by the glycemic components (HbA1c and&#xd;
FPG) of the MetS and ranged from 0.155 to 0.320. The exception was ABSI, which showed&#xd;
lower values in the global analysis and in the males. Values of the area under the ROC&#xd;
curve with the adiposity indices ranged from 0.773 with the BMI in males to 0.567 with ABSI in males. In the logistic regression analysis, all adiposity factors, except ABSI, showed similar OR values of MetS after adjusting for possible confounding factors. In the global analysis,&#xd;
the adiposity index that showed a highest OR of MetS was CUN-BAE (OR 5.50; 95% CI&#xd;
4.27–7.09). In the analysis by gender, the highest ORs were BMI in males (OR 5.98; 95% CI&#xd;
4.70–7.60) and both WHtR and BRI in females (OR 4.15; 95% CI 3.09–5.58).&#xd;
Conclusion&#xd;
All adiposity indices, except for ABSI, show an association with MetS and similar ability to&#xd;
detect subjects with MetS among people with intermediate cariovascular risk</subfield>
   </datafield>
   <datafield ind2=" " ind1=" " tag="520">
      <subfield code="a">This work was supported by grants from&#xd;
the Spanish Ministry of Science and Innovation&#xd;
(MICINN), the Carlos III Health Institute/European&#xd;
Regional Development Fund (ERDF) (MICINN,&#xd;
ISCIII/FEDER) (Red RedIAPP RD06/0018,&#xd;
Research Groups: RD16/0007/0003, RD16/0007/&#xd;
0004, RD16/0007/0008), the Health Research Fund (PI10/01088, PI10/02077, PI10/02043; PI13/&#xd;
01930), and the Regional Health Management of&#xd;
Castile and Leo´n (GRS 635/A/11; GRS 906/B/14</subfield>
   </datafield>
   <datafield ind1="8" ind2=" " tag="024">
      <subfield code="a">http://hdl.handle.net/10256/18147</subfield>
   </datafield>
   <datafield tag="653" ind2=" " ind1=" ">
      <subfield code="a">Obesitat</subfield>
   </datafield>
   <datafield tag="653" ind2=" " ind1=" ">
      <subfield code="a">Obesity</subfield>
   </datafield>
   <datafield tag="653" ind2=" " ind1=" ">
      <subfield code="a">Sistema cardiovascular -- Malalties</subfield>
   </datafield>
   <datafield tag="653" ind2=" " ind1=" ">
      <subfield code="a">Cardiovascular system -- Diseases</subfield>
   </datafield>
   <datafield ind2="0" ind1="0" tag="245">
      <subfield code="a">Capacity adiposity indices to identify metabolic syndrome in subjects with intermediate cardiovascular risk (MARK study)</subfield>
   </datafield>
</record></metadata></record></GetRecord></OAI-PMH>